| 000 | 00855nam a22002297a 4500 | ||
|---|---|---|---|
| 999 |
_c18284 _d18284 |
||
| 003 | AR-CdUCM | ||
| 008 | 190513b ||||| |||| 00| 0 spa d | ||
| 040 |
_aMUNICIPALIDAD PROVINCIAL DEL CUSCO _cBIBLIOTECA MUNICIPAL DEL CUSCO |
||
| 082 |
_a985.004 / _bP34 |
||
| 100 |
_aPease G. Y., Franklin _91834 |
||
| 245 | _aDel Tawantinsuyo a la historia del Perú / | ||
| 260 |
_aLima : _bInstituto de estudios peruanos, _c1978. |
||
| 300 |
_a245 paginas ; _c20 cm. |
||
| 440 |
_aHistoria Andina _n5 _938781 |
||
| 505 | _aContenido: Las fuentes del siglo XVI y la formación del tawantinsuyo -- Cambios en el reyno lupaqa-- Collaguas -- Derroteros andinos -- bibliografia... | ||
| 650 |
_aBibliografia _9345 |
||
| 650 |
_aTawantinsuyo _930420 |
||
| 650 |
_aPerú _935 |
||
| 700 |
_aBonilla, Heraclio _95342 |
||
| 942 |
_2ddc _cLIBROS |
||
| 945 |
_apjha _d2019-05-13 |
||